MARC

LEADER 00000nam0a2200000 4500
001 266786
005 20231101234030.0
035 |a (RuTPU)RU\TPU\book\289806 
090 |a 266786 
100 |a 20140715d1950 m y0rusy50 ca 
101 0 |a rus 
102 |a RU 
105 |a a j 000zy 
200 1 |a Элементы физики (учебник)  |f П. М. Кронеберг 
210 |a Москва  |c Медгиз  |d 1950 
215 |a 446 с.  |c ил. 
606 1 |a Физика  |2 stltpush  |3 (RuTPU)RU\TPU\subj\63709  |9 80688 
610 1 |a учебники 
610 1 |a величины 
610 1 |a измерение 
610 1 |a молекулярная теория 
610 1 |a кинематика 
610 1 |a динамика 
610 1 |a статика 
610 1 |a жидкости 
610 1 |a газы 
610 1 |a тепловые явления 
610 1 |a акустика 
610 1 |a оптика 
610 1 |a магнитные явления 
675 |a 53(075)  |v 3 
700 1 |a Кронеберг  |b П. М.  |g Петр Михайлович 
801 1 |a RU  |b 63413507  |c 20140715 
801 2 |a RU  |b 63413507  |c 20180614  |g RCR 
942 |c BK